000 00636cam a2200205ua 4500
001 348
008 110330n ii |||gr||||Z||||||asm
040 _cMAIN
082 _a320.5
245 1 _aSnatok mahalar rajnaitik tattwa aru Plato, Aristotelor rajnaitik darsan
_cby Jaigeswar Borah
250 _a1st.
260 _aDibrugarh:
_bStudents Amporium,
_c2002.
300 _a386p:
_c20cm.
653 _aPolitical science
653 _aPolitical tattwa
653 _aSnatak mahalor rajnaitik tattwa aru Plato, Aristotelor rajnaitik darsan
700 _aBorah, Jaigeswar.,
_eAuthor.
700 _aLahan, Thaneswar.,
_eAuthor.
942 _cBK
999 _c297
_d297